| 000 | 01718nam a2200361 i 4500 | ||
|---|---|---|---|
| 003 | DO-SdBNP | ||
| 005 | 20240311152126.0 | ||
| 007 | ta | ||
| 008 | 240311s2000 dr abc 000 0 spa d | ||
| 020 | _a8482612328 | ||
| 040 |
_aDO-SdBNP _bspa _cBNPHU _erda |
||
| 082 | 4 |
_222 _bC355 |
|
| 100 |
_aCastro Catrain, Margarita _929221 _eautora |
||
| 245 | 1 | 0 |
_aSociedad 4 : _beducación básica / _cMargarita Castro Catrain, María R. de la Cruz ; dirección editorial, Obdulia García de Escobar ; ilustración, Ruddy Núñez ; fotografías Carlos Diez Polanco, Héctor Gálvez, Ricardo Briones |
| 264 | 1 |
_aSanto Domingo : _bSantillana, _c2000. |
|
| 300 |
_a2 tomos _bilustraciones, mapas, retratos _c28 cm. |
||
| 336 |
_2rdacontent _atexto _btxt |
||
| 337 |
_2rdamedia _asin mediación _bn |
||
| 338 |
_2rdacarrier _avolumen _bnc |
||
| 490 | _aUmbral | ||
| 500 | _aEducación básica. | ||
| 500 | _aLa biblioteca posee el libro de texto y el álbum de sociedad. | ||
| 505 | 0 |
_tNuestro planeta -- _tLos medios naturales y la acción humana -- _tLa República Dominicana -- _tLos indígenas de Santo Domingo -- _tEl descubrimiento de América -- _tLa colonia de Santo Domingo -- _tLa división de la isla en dos colonias -- _tLa República Dominicana independiente -- _tAntes... y ahora -- _tGlosario / |
|
| 590 | _aInventariado, 2024/ YL | ||
| 700 | 1 |
_aCruz, María R. de la _eautora _985012 |
|
| 700 | 1 |
_aGarcía Escobar, Obdulia, _edirección editorial _929560 |
|
| 700 | 1 |
_aNúñez, Ruddy, _eilustraciones _923171 |
|
| 700 | 1 |
_aDiez Polanco, Carlos _efotografías _929828 |
|
| 700 | 1 |
_aGálvez, Héctor _efotografías _985002 |
|
| 700 | 1 |
_aBriones, Ricardo _efotografías _929826 |
|
| 910 | _aYLockward | ||
| 942 |
_2ddc _cLBS1 |
||
| 999 |
_c56070 _d56070 |
||